000
00274nam a22000857a 4500
008
131003b xxu||||| |||| 00| 0 eng d
020
_a
9781558604797
_c
Available
245
_a
Probabilistic Reasoning In Intllgent Systems Networks of Plausible Inference
_c
Pearl Judea
250
_a
2nd Ed
999
_c
23443
_d
23443